Europe and Palestine 1799 (Record no. 93340)

MARC details
000 -LEADER
fixed length control field 01885nam a2200277Ii 4500
003 - CONTROL NUMBER IDENTIFIER
control field URS
005 - DATE AND TIME OF LATEST TRANSACTION
control field 20260218110210.0
008 - FIXED-LENGTH DATA ELEMENTS--GENERAL INFORMATION
fixed length control field 221202s xx 000 0 und d
040 ## - CATALOGING SOURCE
Transcribing agency URS
Modifying agency
245 #0 - TITLE STATEMENT
Title Europe and Palestine 1799
Remainder of title : 1948 : Religion : Politics : Society
264 ## - PRODUCTION, PUBLICATION, DISTRIBUTION, MANUFACTURE, AND COPYRIGHT NOTICE
Name of producer, publisher, distributor, manufacturer Verlag der �sterreichischen Akademie der Wissenschaften
Date of production, publication, distribution, manufacture, or copyright notice 2006
300 ## - PHYSICAL DESCRIPTION
Extent 1 online resource
336 ## - CONTENT TYPE
Content type term text
Content type code txt
Source rdacontent
337 ## - MEDIA TYPE
Media type term computer
Media type code c
Source rdamedia
338 ## - CARRIER TYPE
Carrier type term online resource
Carrier type code cr
Source rdacarrier
490 ## - SERIES STATEMENT
Series statement Archiv für Österreichische Geschichte
520 ## - SUMMARY, ETC.
Summary, etc. The encounter of Occident and Orient is one of the major topics of our time. This encounter is the theme of the present volume in regards to the Palestinian realm from 1799 to 1948. The contributions of twelve authors from Germany, France, Israel, Italy, Austria, Russia, and Switzerland are concerned with a period in which the ordinary interest for the land of the Bible and Christian history was connected to a much greater cultural and political discourse, which was not only carried out by the western churches, but also by European societies in general. In nineteenth- and early twentieth-century Palestine, many forces were at work; from 1516/17 Palestine belonged to the Ottoman Empire. Beginning in the nineteenth century, especially after 1840, this small territory became an issue for world politics. The maintenance of the integrity of the Ottoman Empire constituted one of the guidelines of the European powers.
653 ## - INDEX TERM--UNCONTROLLED
Uncontrolled term History
653 ## - INDEX TERM--UNCONTROLLED
Uncontrolled term Holy Land
653 ## - INDEX TERM--UNCONTROLLED
Uncontrolled term Jerusalem
653 ## - INDEX TERM--UNCONTROLLED
Uncontrolled term Palestine (Region)
700 1# - ADDED ENTRY--PERSONAL NAME
Personal name Haider-Wilson, Barbara
700 1# - ADDED ENTRY--PERSONAL NAME
Personal name Trimbur, Dominique
856 ## - ELECTRONIC LOCATION AND ACCESS
Uniform Resource Identifier <a href="https://docs.google.com/spreadsheets/d/1yKIrdCPDAG_9c22mwoOIO2DOhtj65Wqa/edit?usp=sharing&ouid=106555315294820607512&rtpof=true&sd=true ">https://docs.google.com/spreadsheets/d/1yKIrdCPDAG_9c22mwoOIO2DOhtj65Wqa/edit?usp=sharing&ouid=106555315294820607512&rtpof=true&sd=true </a>
Link text List of Curated E-Books
942 ## - ADDED ENTRY ELEMENTS (KOHA)
Koha item type E-Book
Source of classification or shelving scheme Library of Congress Classification

No items available.

University of Rizal System
Email us at univlibservices@urs.edu.ph

Visit our Website www.urs.edu.ph/library